Statistics for Movies Set in Pennsylvania

Click here to take the quiz!

General Stats

  • This quiz has been taken 7,505 times
  • The average score is 9 of 14

Answer Stats

Clue Movie % Correct
Everyday thug gets a shot to fight the champRocky
95%
TV weatherman lives the same day, over and over againGroundhog Day
90%
Boy can see dead peopleThe Sixth Sense
89%
HIV-positive man sues for wrongful terminationPhiladelphia
78%
Poor man's "Da Vinci Code" about a treasure map on the back of the
Declaration of Independence
National Treasure
74%
Mockumentary about the Dunder Mifflin paper companyThe Office
72%
1993 movie about the most famous Civil War battleGettysburg
71%
"What a feeling!" A welder/exotic dancer wants to study at the
Pittsburgh Dance Conservatory
Flashdance
58%
Gang of depraved losers owns a bar in South PhillyIt's Always Sunny
in Philadelphia
56%
Gang of cartoon kids gather at a junkyard. One is obeseFat Albert
55%
Boy grows up and plans to marry his girlfriend, TopangaBoy Meets World
54%
Old rich guys contrive to switch the fortunes of a street hustler and a rich commodities brokerTrading Places
50%
Working-class friends are sent to the Vietnam War where they are captured
and forced to play Russian roulette
The Deer Hunter
47%
Mockumentary about the Mayflower Kennel Club Dog ShowBest in Show
45%

Score Distribution

Percentile by Number Answered

Percent of People with Each Score

Your Score History

You have not taken this quiz